000 00587nam a2200229Ia 4500
003 OSt
005 20221005125151.0
006 a|||||r|||| 00| 0
007 ta
008 221004b |||||||| |||| 00| 0 tam d
024 _a46898
037 _cTextual
040 _aCRL
_cCRL
_btam
041 _2tam
_atam
082 _aNQ44wM48, 31J2
100 _aPillai Appadorai
_9636246
245 0 _aOviyakkalangar iraviverma
300 _a80
_ccm.
650 _aPAINTING
_934359
942 _hNQ44wM48, 31J2
_cTEXL
_2cc
999 _c1053145
_d1053145